| 000 | 01074cad a22002055a 4500 | ||
|---|---|---|---|
| 001 | L156854 | ||
| 008 | 120720s2012 xxk 000 0 eng d | ||
| 035 | _a(Sirsi) u156854 | ||
| 041 | 0 | _aeng | |
| 110 | 2 |
_aCushman & Wakefield _95888 |
|
| 245 | 0 | 0 |
_aMarketbeat UK investment market _bmonthly briefing - July 2012 |
| 260 |
_aLondon _bCushman and Wakefield _c2012 |
||
| 490 | 0 |
_aCushman & Wakefield Marketbeat UK Investment Market Monthly Briefing _vJuly 2012 |
|
| 520 | _aPrime yields edged up to 5.83% in June, their highest level since March 2010. Sentiment is also still edging down, with 15 of the 25 market segments analysed subject to an upward yield trend - the worst balance recorded since February 2009. Table covers current prime market yields from 2007-June 2012. | ||
| 590 | _aNTK KA | ||
| 651 | 4 | _aUnited Kingdom | |
| 690 |
_aCommercial property _96227 |
||
| 856 | 4 | 0 |
_uhttps://www.cushwake.com/cwglobal/jsp/kcGlobalReportArchive.jsp?Country=GLOBAL&Language=EN&catId=100001§or=ALL _zView the report after free registration at www.cushwake.com |
| 942 | _n0 | ||
| 999 |
_c84181 _d84181 |
||